00829cam a2200253 a 4500003001000000005001700010007000300027008004100030020001500071040002200086041000800108082002600116100003500142245011600177250002200293300002200315336002900337337003300366338002800399504002800427650004400455650003200499650004400531CO-BoRNBP20240926085014.0ta000410s2000 ck r 00010dspa d a9581403299 ala clabspaerda0 aspa04a140.07bR84p 219 ed.1 aRuiz Silva, Alexander, d1966-10aPedagogía en valores : bhacia una filosofía moral y política de la educación / cAlexander Ruiz Silva. aPrimera edición a231 p. ; c21 cm. 2rdacontenidoatextobtxt 2rdamedioasin mediaciónbn 2rdasoporteavolumenbnc aIncluye bibliografía. 7aValores socialesxEnseñanza.2BLAAUTO 7aEtica estudiantil.2BLAAUTO 7aFilosofía de la educación.2BLAAUTO